Casas Houses : (Registro nro. 12383)

Detalles MARC
000 -LEADER
longitud fija campo de control 01934aam a2200481 a 4500
003 - IDENTIFICADOR DE NUMERO DE CONTROL
control del campo AR-RoUNA
005 - FECHA DE LA ULTIMA MODIFICACION
control del campo 20260410105551.0
008 - CAMPO DE CONTROL - LIBROS
longitud fija campo de control 130611c2012||||ag|||||| |||| 0|spa d
020 ## - INTERNATIONAL STANDARD BOOK NUMBER
ISBN 9781643602998
022 ## - ISSN
ISSN 03282406
040 ## - ORIGEN DE LA CATALOGACION
Agencia que cataloga la obra original AR-RoUNA
Idioma en que se cataloga spa
Entidad que modifico el registro AR-RoUNA
041 1# - CODIGO DE IDIOMA
Codigo de idioma del texto / sonido o titulo separado spa
-- eng
044 ## - CODIGO DE PAIS / ENTIDAD PRODUCTORA
Codigo MARC del pais ag
080 ## - CDU
Numero de clasificacion 728
092 ## - SIGNATURA TOPOGRAFICA
Seccion Heme
Numero de clasificacion 728
Libristica C335
100 1# - ASIENTO PRINCIPAL - NOMBRE PERSONAL
9 (RLIN) 11392
Nombre personal Kliczkowski, Guillermo Raul
Función dir.
245 00 - TITULO PROPIAMENTE DICHO
Titulo Casas Houses :
Subtitulo Zaha Hadid /
Mencion de responsabilidad, etc director Guillermo Raul Kliczkowski
250 ## - MENCION DE EDICION
Edicion declarada 1a. ed.
260 ## - EDITORIAL - PUBLICACION, DISTRIBUCION, ETC. (Pie de imprenta)
Lugar de publicacion, distribucion, etc Buenos Aires :
Nombre del editor, distribuidor, etc Diseño,
Fecha de publicacion 2020
300 ## - DESCRIPCION FISICA
Extension 72 p. :
Otros detalles fisicos il.,
-- plantas,
Dimensiones 24x26 cm.
490 ## - MENCION DE SERIE
Titulo de la serie Casas Internacional Nº180
505 0# - NOTA DE CONTENIDO CON FORMATO
Título INDICE
505 0# - NOTA DE CONTENIDO CON FORMATO
Título Introducción. Hugo A. Kliczkowski Juritz / Fantasia construídas. p. 3
505 0# - NOTA DE CONTENIDO CON FORMATO
Título Zaha Hadid / La avenida Libertador, Buenos Aires. p. 4
505 0# - NOTA DE CONTENIDO CON FORMATO
Título principal Zaha Hadid / Centro de la ciudad esfera (Esfera City Center), Monterrey, México. p. 18
505 0# - NOTA DE CONTENIDO CON FORMATO
Título Zaha Hadid / D'Leedon, Singapur, 2007-2014. p. 22
505 0# - NOTA DE CONTENIDO CON FORMATO
Título Zaha Hadid / Alai, Rivera Maya, México, 2017. p.32
505 0# - NOTA DE CONTENIDO CON FORMATO
Título Zaha Hadid / 520 west 28th, Nueva York, EE.UU, 2013-2018. p. 36
505 0# - NOTA DE CONTENIDO CON FORMATO
Título Zaha Hadid / Residencia de la Colina Capital (Capital Hill Residence), Moscú, Rusia, 2006-2018. p. 46
505 0# - NOTA DE CONTENIDO CON FORMATO
Título Zaha Hadid / Complejo residencial City Life Milano, Milán, Italia, 2004-2014. p. 50
505 0# - NOTA DE CONTENIDO CON FORMATO
Título Zaha Hadid / Torre Residencial Mayfair, Melbourne, Autralia,2017-2020. p. 60
505 0# - NOTA DE CONTENIDO CON FORMATO
Título Zaha Hadid / Mil Museo (one thousand Museum), Miami Beach, EE.UU, 2012-2019. p. 66
546 ## - NOTA DE IDIOMA
Nota de idioma Texto en español e ingles.
600 10 - MATERIA - NOMBRES PERSONALES
9 (RLIN) 25944
Nombre personal Hadid, Zaha
Fechas asociadas con el nombre 1950-2016
650 #4 - MATERIA - TERMINO TEMATICO
Término temático general Arquitectura contemporánea
650 #4 - MATERIA - TERMINO TEMATICO
Término temático general Obras
830 ## - SEC. DE SERIE - TITULO UNIFORME
Titulo uniforme Casas Internacional
Numero de la parte/seccion/reunion v.180
9 (RLIN) 12322
908 ## - SOPORTE
Soporte Imp
930 ## - ACCESION
Numero de accesion (NR) 12322
942 ## - FUENTE DE CLASIFICACION
Clasificacion Universal Decimal Classification
Tipo de item Libro
945 ## - INFORMACION DE PROCESAMIENTO
Codigo del operador MIA
Fecha de ingreso o modificacion 2022-10-21
980 ## - DECLARACIÓN DE EQUIVALENCIA O SERIE DE REFERENCIA CRUZADA - NOMBRE / TÍTULO PERSONAL [LOCAL, CANADÁ]
Código del operador 1
Nombre del operador Maricel Allasia
Código del operador que modifico el registro 5
Nombre del operador que modifico el registro María Machado
Existencias
Estado retiro Estado perdido Sistema de clasificacion Estado general Restricciones de uso Biblioteca de origen Ubicacion actual Localizacion en estante Fecha de adquisicion Fuente de adquisicion Prestamos totales Signatura y librística Proveedor Numero de ejemplar Tipo de elemento KOHA Nota no publica
Disponible Disponible cdu No dañado Ningun uso de restricciones Arq. Hilarión H. Larguia Arq. Hilarión H. Larguia Heme 09/04/2026 Don   728 C335 18484 ej. 1 Libro